Theerdhadakante Purogathy (Record no. 39580)

MARC details
000 -LEADER
fixed length control field 00408nam a2200145Ia 4500
008 - FIXED-LENGTH DATA ELEMENTS--GENERAL INFORMATION
fixed length control field 211109s9999||||xx |||||||||||||| ||und||
082 ## - DEWEY DECIMAL CLASSIFICATION NUMBER
Classification number 894.8123
Item number BUN-T
100 ## - MAIN ENTRY--PERSONAL NAME
Personal name Bunyan, John
245 #0 - TITLE STATEMENT
Title Theerdhadakante Purogathy
260 ## - PUBLICATION, DISTRIBUTION, ETC.
Name of publisher, distributor, etc. Jeevan Books
Place of publication, distribution, etc. Bharananganam
Date of publication, distribution, etc. 1983
300 ## - PHYSICAL DESCRIPTION
Extent 168p.
630 ## - SUBJECT ADDED ENTRY--UNIFORM TITLE
General subdivision GENERAL STACK
650 ## - SUBJECT ADDED ENTRY--TOPICAL TERM
Topical term or geographic name entry element Malayalam
942 ## - ADDED ENTRY ELEMENTS (KOHA)
Koha item type BOOK
650 ## - SUBJECT ADDED ENTRY--TOPICAL TERM
Form subdivision Malayalam literature
General subdivision Malayalam novelGeneralia
Holdings
Withdrawn status Lost status Damaged status Not for loan Home library Current library Date acquired Cost, normal purchase price Total Checkouts Full call number Barcode Shelving location Date last seen Price effective from Koha item type
        SB LIBRARY SB LIBRARY 09/11/2021 100.00   894.8123 BUN-T 00081127 GENERAL STACK 09/11/2021 09/11/2021 BOOK

Powered by Koha